000 00720cam a22002292 4500
001 0000001695
005 20151217145725.0
008 070322s xx 000 0 eng d
040 _aKABU
_cKABU
050 0 _aHD30.4
_b.C66 2003
100 1 _aCooper, Donald R.
_@0000150652
245 1 0 _aBusiness research methods /
_cD. R. Cooper, P. S. Schindler.
250 _a8th ed.
260 _aNew Delhi :
_bTata McGraw-Hill,
_c2003.
300 _axix, 857 p.
650 0 _aBusiness.
_xResearch
_xMethodology.
_@0000150653
650 0 _aIndustrial management
_xResearch.
_@0000150654
700 1 _aSchindler, P. S.
_@0000150655
908 _a070322
950 _@1
999 _c1925
_d1925